000 00594nam a2200193Ia 4500
003 GCL
008 140319s9999 xx 000 0 ara d
040 _aGCL /
_cGCL
082 0 4 _a811.9
_bن د
100 1 _aنازك الملائكة
245 1 0 _aديوان نازك الملائكة /
_cنازك الملائكة
260 _aبيروت :
_bدار العودة للصحافة والطباعه ،
_c1986
300 _a693 ص ؛
_c18 سم
490 _a
650 0 4 _aالشعر العربى
650 0 4 _aدواوين وقصائد
650 0 4 _aالشعر الحر
942 _2ddc
_cBK
999 _c56259
_d56259